| 000 | 00602nam a2200205 4500 | ||
|---|---|---|---|
| 001 | 145250 | ||
| 003 | ES-MaACL | ||
| 005 | 20230906201208.0 | ||
| 007 | t| | ||
| 008 | 070214s1976 sp r ||||1| spa d | ||
| 100 | 1 |
_aSorel, Andrés. _9107333 |
|
| 245 | 1 | 0 |
_aGuía popular de Antonio Machado / _cAndrés Sorel. |
| 250 | _a2ª ed. | ||
| 260 |
_aBilbao : _bZero, _c1976 ( _eMadrid : _fGráf. Color) |
||
| 300 |
_a62 p. ; _c17 cm. |
||
| 490 | 1 |
_aLee y discute. Serie V ; _v56 |
|
| 830 | 0 |
_aLee y discute. Serie V ; _v56 _9183813 |
|
| 852 |
_aES-MaACL _jL-4740 _bR.105340 |
||
| 999 |
_c145250 _d145250 |
||